Dva prístupy k modernite: Alena Šrámková verzus Ferdinand Milučký

Bibliographic Details
Main Author: Topolčanská, Mária (Author)
Format: Article
Language:Slovak
English
PhysicalDescription:Fotogr., obr.
ISSN:0044-8680
Subjects:

MARC

LEADER 00000nab a2200000 ar4500
001 vtls008961536
003 SK-MaSNL
005 20260426071301.0
008 070404c2006 xo qr|p|||||||000 b|slo
015 |a SNBRB2007/04  |2 snkbucl 
038 |a SNKBUCL 
040 |a SNKBUCL  |b slo  |c SNKBUCL  |e AACR2 
041 0 |a slo  |a eng 
044 |a xo  |c SK 
080 |a 72.071.1  |2 2001 
080 |a 72.036  |x (437.6)  |2 2001 
080 |a 72:316.422  |x (437.6)  |2 2001 
100 1 |a Topolčanská, Mária  |4 aut  |9 20585 
245 1 0 |a Dva prístupy k modernite: Alena Šrámková verzus Ferdinand Milučký  |c Mária Topolčanská 
246 3 1 |a Two Approaches to Modernity: Alena Šrámková versus Ferdinand Milučký 
300 |b Fotogr., obr. 
500 |a Poznámky 
546 |a Súbežný názov a text v angličtine 
600 1 7 |a Šrámková, Alena,  |d 1929-  |2 snkbucl  |9 85448 
600 1 7 |a Milučký, Ferdinand,  |d 1929-2019  |2 snkbucl  |9 114046 
650 0 7 |a architektúra  |x modernita  |z Slovensko  |2 snkbucl  |9 1068437 
650 0 7 |a modernita  |x architektúra  |z Slovensko  |2 snkbucl  |9 1068438 
650 0 7 |a moderná architektúra  |z Slovensko  |2 snkbucl  |9 355169 
650 0 7 |a moderná architektúra  |2 snkbucl  |9 68287 
651 7 |a Slovensko  |2 snkbucl  |9 14231 
773 0 |t Architektúra & urbanizmus  |g Roč. XL, č. 3-4 (2006), s. 155-169  |x 0044-8680 
852 |a SNK  |b KIS3GCP 
958 |a SK 
999 |c 2676972  |d 2678902